书目信息 |
| 题名: |
人工智能时代
|
|
| 作者: | 王远昌 著 | |
| 分册: | ||
| 出版信息: | 成都 电子科技大学出版社 2018.4 |
|
| 页数: | 197页 | |
| 开本: | 24cm | |
| 丛书名: | ||
| 单 册: | ||
| 中图分类: | TN602 , TN605 | |
| 科图分类: | ||
| 主题词: | 智能设计--研究--电子产品--dian zi chan pin , 生产工艺--研究--电子产品--dian zi chan pin | |
| 电子资源: | ||
| ISBN: | 978-7-5647-5950-6 | |
| 000 | 01377nam0 2200325 45 | |
| 001 | 012001001517 | |
| 005 | 20131108131734.0 | |
| 010 | @a978-7-5647-5950-6@dCNY46.00 | |
| 099 | @aCAL 012019053030 | |
| 100 | @a20190424d2019 em y0chiy50 ea | |
| 101 | 0 | @achi |
| 102 | @aCN@b510000 | |
| 105 | @aak a 000yy | |
| 106 | @ar | |
| 200 | 1 | @a人工智能时代@Aren gong zhi neng shi dai@e电子产品设计与制作研究@f王远昌著 |
| 210 | @a成都@c电子科技大学出版社@d2018.4 | |
| 215 | @a197页@c图@d24cm | |
| 312 | @a英文并列题名取自封底 | |
| 314 | @a王远昌, 江西庐山人, 工程硕士, 高级工程师, 清华大学紫荆同学会理事。 | |
| 320 | @a有书目 (第197页) | |
| 330 | @a本书从电子设计、制作、调试、产品化的要求出发, 主要做了电子产品设计与制作基本知识、电子产品设计方案论证和制订、电路原理图技术设计、印刷电路板设计、PCB的优化设计、产品试制与调试等理论研究。并以智能产品项目设计制作为载体, 对上述理论进行阐述验证。 | |
| 510 | 1 | @aAge of artificial intelligence@eresearch on the design and production of electronic products@zeng |
| 517 | 1 | @a电子产品设计与制作研究@Adian zi chan pin she ji yu zhi zuo yan jiu |
| 606 | 0 | @x智能设计@x研究@a电子产品@Adian zi chan pin |
| 606 | 0 | @x生产工艺@x研究@a电子产品@Adian zi chan pin |
| 690 | @aTN602@v5 | |
| 690 | @aTN605@v5 | |
| 701 | 0 | @a王远昌@AWang Yuanchang@4著 |
| 801 | 0 | @aCN@b北京卓展@c20191020 |
| 905 | @b1198468-71@dTN602@e92@f4 | |
| 人工智能时代:电子产品设计与制作研究/王远昌著.-成都:电子科技大学出版社,2018.4 |
| 197页:图;24cm |
| ISBN 978-7-5647-5950-6:CNY46.00 |
| 本书从电子设计、制作、调试、产品化的要求出发, 主要做了电子产品设计与制作基本知识、电子产品设计方案论证和制订、电路原理图技术设计、印刷电路板设计、PCB的优化设计、产品试制与调试等理论研究。并以智能产品项目设计制作为载体, 对上述理论进行阐述验证。 |
| ● |
| 相关链接 |
|
|
|
|
正题名:人工智能时代
索取号:TN602/92
 
预约/预借
| 序号 | 登录号 | 条形码 | 馆藏地/架位号 | 状态 | 备注 |
| 1 | 1198468 | 211984682 | 第二样本阅览室/ [索取号:TN602/92] | 在馆 | |
| 2 | 1198469 | 211984691 | 第三借阅区/ [索取号:TN602/92] | 在馆 | |
| 3 | 1198470 | 211984708 | 第三借阅区/ [索取号:TN602/92] | 在馆 | |
| 4 | 1198471 | 211984717 | 第三借阅区/ [索取号:TN602/92] | 在馆 |